<?xml version="1.0" encoding="UTF-8"?>
<marc:record xmlns:marc="http://www.loc.gov/MARC21/slim">
   <marc:leader>00000nam a2200000 a 4500</marc:leader>
   <marc:datafield ind1="1" ind2=" " tag="100">
      <marc:subfield code="a">Krall, Rotraut</marc:subfield>
      <marc:subfield code="4">ctb</marc:subfield>
      <marc:subfield code="e">Mitwirkende/-r</marc:subfield>
   </marc:datafield>
   <marc:datafield ind1="1" ind2=" " tag="100">
      <marc:subfield code="a">Noll, Michaela</marc:subfield>
      <marc:subfield code="4">ctb</marc:subfield>
      <marc:subfield code="e">Mitwirkende/-r</marc:subfield>
   </marc:datafield>
   <marc:datafield ind1="0" ind2="0" tag="245">
      <marc:subfield code="a">Schaurig schön</marc:subfield>
   </marc:datafield>
   <marc:datafield ind1="0" ind2="0" tag="245">
      <marc:subfield code="c">Kunsthistorisches Museum, KHM. Hrsg. von Sabine Haag</marc:subfield>
   </marc:datafield>
   <marc:datafield ind1=" " ind2="1" tag="264">
      <marc:subfield code="a">Wien</marc:subfield>
      <marc:subfield code="b">Brandstätter</marc:subfield>
      <marc:subfield code="c">2011</marc:subfield>
   </marc:datafield>
   <marc:datafield ind1=" " ind2=" " tag="250">
      <marc:subfield code="a">1. Aufl.</marc:subfield>
   </marc:datafield>
   <marc:datafield ind1="1" ind2=" " tag="520">
      <marc:subfield code="a">Angaben aus der Verlagsmeldung

Schaurig schön : Allerlei Fabelwesen im Kunsthistorischen Museum

Hast du dich schon einmal gefragt, warum manche Ritter früher ihre Pferde als Einhörner verkleidet haben? Oder ob es wirklich einmal Greifen gab? Oder warum wir uns den Teufel mit Hörnern und Bocksfüßen vorstellen? Die Antworten auf diese und viele andere aufregende Fragen findest du hier!
"Schaurig Schön" ist ein Buch für Kinder und bietet eine spannende Reise ins Land der Fabelwesen und Ungeheuer. Greifen, Einhörner, Drachen, Kentauren und viele andere - dieses Buch stellt sie dir vor und erzählt spannende Geschichten dazu. Zudem kannst du die im Buch abgebildeten Kunstwerke im Kunsthistorischen Museum in Wien sehen.
</marc:subfield>
   </marc:datafield>
   <marc:datafield ind1=" " ind2=" " tag="020">
      <marc:subfield code="a">9783850335430</marc:subfield>
      <marc:subfield code="9">9783850335430</marc:subfield>
   </marc:datafield>
   <marc:datafield ind1=" " ind2=" " tag="041">
      <marc:subfield code="a">ger</marc:subfield>
   </marc:datafield>
   <marc:datafield ind1=" " ind2=" " tag="300">
      <marc:subfield code="a">79 S.</marc:subfield>
   </marc:datafield>
</marc:record>
